00700 2200265 4500001002100000005001700021008004100038020001800079035002400097082001000121090001700131100002200148245006900170250001100239260003000250300002900280500003000309650001800339850001500357980001300372985000600385986001300391999001500404999001500419YOGYA-0209000001689620090227022709.0 ind  a979-661-005-1 0010-020900000016896 a604.6 a604.4bSai P aSA'ID, E. Gumbira aPenanganan dan pemanfaatan limbah kelapa sawitcE. Gumbira Sa'id aCet. 1 aUngarancTrubus Agriwidya aix, 106 hlmbilusc21 cm aBibliografi : hlm. 98-105 aLimbah pabrik aYOPDYOG(B) a05-12-05 a2 afwhRTREV a99P0115835 a99P0115837